Introducción a la psicología (Registro nro. 2479)
[ vista simple ]
| 000 -LEADER | |
|---|---|
| campo de control de longitud fija | 00645nam a22002057a 4500 |
| 003 - IDENTIFICADOR DE NÚMERO DE CONTROL | |
| campo de control | OSt |
| 005 - FECHA Y HORA DE LA ÚLTIMA TRANSACCIÓN | |
| campo de control | 20240320183830.0 |
| 008 - DATOS DE LONGITUD FIJA--INFORMACIÓN GENERAL | |
| campo de control de longitud fija | 240320b |||||||| |||| 00| 0 sp d |
| 040 ## - FUENTE DE CATALOGACIÓN | |
| Centro catalogador/agencia de origen | cunsuroc |
| Lengua de catalogación | esp |
| Centro/agencia transcriptor | ana |
| 082 ## - NÚMERO DE LA CLASIFICACIÓN DECIMAL DEWEY | |
| Número de edición | 7a. ed. |
| Número de clasificación | 150 P438:7 |
| 100 ## - ENTRADA PRINCIPAL--NOMBRE DE PERSONA | |
| Nombre de persona | Pérez, Ismael Diego |
| 9 (RLIN) | 7287 |
| 245 ## - MENCIÓN DEL TÍTULO | |
| Título | Introducción a la psicología |
| Mención de responsabilidad, etc. | Pérez, Ismael Diego |
| Medio | Físico |
| 250 ## - MENCION DE EDICION | |
| Mención de edición | 7a. ed. |
| 260 ## - PUBLICACIÓN, DISTRIBUCIÓN, ETC. | |
| Lugar de publicación, distribución, etc. | México: |
| Nombre del editor, distribuidor, etc. | Fernández editores, |
| Fecha de publicación, distribución, etc. | 1969. |
| 300 ## - DESCRIPCIÓN FÍSICA | |
| Extensión | 271 p. |
| Otras características físicas | (Ensayos pedagógicos |
| Dimensiones | 17cm. |
| 365 ## - PRECIO COMERCIAL | |
| Cantidad | 1 |
| Unidad de precio | 1.50 |
| Código ISO del país | mx. |
| 504 ## - NOTA DE BIBLIOGRAFÍA, ETC. | |
| Nota de bibliografía, etc. | Contiene bibliografía |
| 650 ## - PUNTO DE ACCESO ADICIONAL DE MATERIA--TÉRMINO DE MATERIA | |
| Fuente del encabezamiento o término | Psicología |
| 942 ## - ELEMENTOS DE ENTRADA SECUNDARIOS (KOHA) | |
| Fuente del sistema de clasificación o colocación | Clasificación Decimal Dewey |
| Tipo de ítem Koha | Libros |
| Edición | 7a. ed. |
| Parte de la signatura que corresponde a la clasificación (Parte de la clasificación) | 150 P438:7 |
| Suprimir en OPAC | No |
| Estatus retirado | Estado de pérdida | Fuente del sistema de clasificación o colocación | Estado de daño | No para préstamo | Código de colección | Biblioteca de origen | Biblioteca actual | Fecha de adquisición | Fuente de adquisición | Coste, precio normal de compra | Número de inventario | Total de préstamos | Signatura topográfica completa | Código de barras | Visto por última vez | Copia número | Precio de reemplazo | Tipo de ítem Koha |
|---|---|---|---|---|---|---|---|---|---|---|---|---|---|---|---|---|---|---|
| Clasificación Decimal Dewey | No ficción | BibIioteca Irma Enieé Ramírez Martínez del Centro Universitario de Mazatenango | BibIioteca Irma Enieé Ramírez Martínez del Centro Universitario de Mazatenango | 20/03/2024 | Sec. Univ. | 1.50 | 1831 | 150 P438:7 | 56HB00001831 | 20/03/2024 | 1 | 20/03/2024 | Libros |

